00274nam a2200109Ia 45000010005000000080041000050200022000460820017000681000019000852450036001042600024001403890241024s9999 xx 000 0 und d a978-9945-8828-9-6 aRD/793/V297h aKennedy Vargas 0aHistoria del Ajedrez Dominicano bSanto Domingoc2013